000 00961cam a2200229 a 4500
001 000002402
005 20200929150207.0
008 850709s1984 waua b i001 0 spa
020 _a0827020163 (pbk.) :
040 _aDO-SdBNP
_bspa
_cBNPHU
082 _a591.5
_bV393e
100 1 _aVaz-Ferreira, Raul,
_d1918-
_97623
245 1 0 _aEtología :
_bel estudio biológico del comportamiento animal /
_cRaúl Vaz-Ferreira.
260 _aWashington, D.C. :
_bSecretaría General de la Organización de los Estados Americanos. Programa Regional de Desarrollo Científico y Tecnológico,
_c1984.
300 _avii, 150 p. :
_bil. ;
_c23 cm.
440 0 _aBiología ;
_pMonografía
_vno. 29
_97624
504 _aIncluye referencias bibliográfica: p. 131-145.
650 4 _aComportamiento animal
_97625
650 4 _aAnimales
_xHábitos y conducta
_97626
710 2 _aPrograma Regional de Desarrollo Científico y Tecnológico.
_97627
910 _aJornada de catalogación
999 _c2239
_d2239